000 00769cam a2200217 a 4500
001 000018288
003 DO-SdBNP
005 20251028134823.0
008 790815s1979 ve 000 0aspa d
040 _aDO-SdBNP
_bspa
_cBNPHU
082 _aVe866.5
_bB446c
100 1 _aBello, Andrés,
_d1781-1865.
_922352
245 1 0 _aCaracas en el epistolario de Bello /
_cAndrés de Jesús María y José Bello López.
260 _aCaracas, Venezuela :
_bEdiciones de la Casa de Bello,
_c1979.
300 _a69 p. ;
_c23 cm.
600 1 4 _aBello, Andrés,
_d1781-1865
_xCorrespondencia
_939601
650 4 _aCartas venezolanas
_939602
650 4 _aAutores venezolanos
_ySiglo XIX
_xCorrespondencia
_939603
651 4 _aCaracas (Venezuela)
_xMicelaneas
_939604
942 _2ddc
_cLBS1
999 _c17809
_d17809